Spon's first stage estimating handbook : an essential guide in the early decision-making processes on the viability of construction projects. (Record no. 100438)

MARC details
000 -LEADER
fixed length control field 00635cam a2200193 4500
008 - FIXED-LENGTH DATA ELEMENTS--GENERAL INFORMATION
fixed length control field 000000n2000 000 0 eng u
020 ## - INTERNATIONAL STANDARD BOOK NUMBER
International Standard Book Number 0415234360
035 ## - SYSTEM CONTROL NUMBER
System control number (Sirsi) u105602
050 ## - LIBRARY OF CONGRESS CALL NUMBER
Classification number 692.5
100 ## - MAIN ENTRY--PERSONAL NAME
Personal name Spain, Bryan
-- editor
245 ## - TITLE STATEMENT
Title Spon's first stage estimating handbook : an essential guide in the early decision-making processes on the viability of construction projects.
260 ## - PUBLICATION, DISTRIBUTION, ETC.
Place of publication, distribution, etc. London
Name of publisher, distributor, etc. Spon Press
Date of publication, distribution, etc. 2000
300 ## - PHYSICAL DESCRIPTION
Extent xi,244p. ; 22cm.
350 ## - PRICE (NR) (BK AM CF MU VM SE) [OBSOLETE]
Price 29.99
650 ## - SUBJECT ADDED ENTRY--TOPICAL TERM
Topical term or geographic name entry element BUILDING PRICE BOOKS
650 ## - SUBJECT ADDED ENTRY--TOPICAL TERM
Topical term or geographic name entry element BUILT ENVIRONMENT-BUILDING COSTS
690 ## - LOCAL SUBJECT ADDED ENTRY--TOPICAL TERM (OCLC, RLIN)
Topical term or geographic name as entry element BUILT ENVIRONMENT-BUILDING COSTS
942 ## - ADDED ENTRY ELEMENTS (KOHA)
Suppress in OPAC 0
Holdings
Withdrawn status Lost status Source of classification or shelving scheme Damaged status Not for loan Home library Current library Shelving location Date acquired Cost, normal purchase price Total Checkouts Full call number Barcode Date last seen Date last checked out Copy number Cost, replacement price Price effective from Koha item type
    Dewey Decimal Classification     London London Books 27/09/2000 29.99 33 692.5 SPA 30062124 06/08/2019 10/09/2009 1 29.99 06/08/2019 Book